|
|
|
|
| LEADER |
00860cam a2200253 7i4500 |
| 001 |
0000045546 |
| 005 |
20170331090000.0 |
| 020 |
|
|
|a 9780415446280 (pbk.)
|
| 020 |
|
|
|a 0415446279
|
| 020 |
|
|
|a 9780203842751
|
| 020 |
|
|
|a 0203842758
|
| 020 |
|
|
|a 0415446287
|
| 020 |
|
|
|a 9780415446273 (hbk.)
|
| 090 |
0 |
0 |
|a HF5549.5.C35
|b D53 2011
|
| 100 |
1 |
|
|a Dickmann, Michael
|
| 245 |
1 |
0 |
|a Global careers
|c Michael Dickmann and Yehuda Baruch.
|
| 260 |
|
|
|a New York, New York:
|b Routledge,
|c 2011.
|
| 300 |
|
|
|a xxi, 320 p.:
|b ill.;
|c 26 cm.
|
| 650 |
0 |
0 |
|a Career development
|
| 650 |
0 |
0 |
|a International business enterprises --
|x Personnel management
|
| 700 |
1 |
|
|a Baruch, Yehuda
|
| 997 |
|
|
|a Education & Social Sciences, Faculty
|b Social Sciences, Department
|
| 998 |
|
|
|a Industrial Psychology, Degree
|
| 999 |
|
|
|a 0000055842
|b BOK
|c OPEN SHELF
|e 1st Floor, Bestari Jaya
|